| 000 | 00879nam0a22002771 4500 | ||
|---|---|---|---|
| 001 | rc\3746506 | ||
| 005 | 20130115154705.1 | ||
| 021 |
_aRU _b[69-97537] |
||
| 035 | _a(NLR Aleph) 007872328 | ||
| 090 |
_a7865554 _c7865554 |
||
| 100 | _a20130115d1969 |||y0rusy50 ca | ||
| 101 | 0 | _arus | |
| 102 | _aRU | ||
| 105 | _aa g ||||| | ||
| 200 | 1 | _aСправочник электротехника | |
| 210 |
_aМинск _cБеларусь _d1969 |
||
| 215 |
_a399 с. _cил. _d21 |
||
| 320 | _aБиблиогр.: с. 393-394 (33 назв.) | ||
| 606 |
_aЭлектротехника _jСправочники _2psbo |
||
| 700 | 1 |
_aСацукевич _bМ. Ф. _gМихаил Федорович |
|
| 701 | 1 |
_aМехедко _bФ. В. _gФедор Васильевич |
|
| 801 | 0 |
_aRU _bNLR _gpsbo |
|
| 801 | 1 |
_aRU _bELAR _2rusmarc |
|
| 852 |
_aNLR _j69-3/8640 |
||
| 942 | _cBOOK | ||
| 980 | _aNB | ||